000 00315 a2200145 4500
001 167060
020 _a
040 _cMagnum
100 _aFrawley, William
240 1 0 _aVygotsky e a ciencia cognitiva
_lpor
245 1 0 _aVygotsky e a ciencia cognitiva
362 0 _a1899
697 _aPEDAGOGIA
942 _cBK
999 _c167060
_d167060